| 000 | 00578nam a22001937a 4500 | ||
|---|---|---|---|
| 005 | 20251108175747.0 | ||
| 008 | 250721s2014 xx 000 0 ara d | ||
| 082 | 1 | 4 | _aط/ق/هار |
| 100 | 1 |
_aهارغريفز، روجر _eمؤلف |
|
| 245 | 1 | 0 | _aالسيد مقتوي / |
| 264 | 1 |
_aبيروت : _bهاشيت، _c2014. |
|
| 300 | _a)34(ص. | ||
| 600 | 0 | 7 | _aاطفال مرحلة متوسطة (6-9) سنوات |
| 650 | 1 | 7 | _aادب الاطفال |
| 650 | 1 | 7 | _aالقصص القصيرة |
| 700 | 1 |
_aغصن، غسان _eمترجم |
|
| 942 |
_2ddc _cBK |
||
| 999 |
_c141767 _d141767 |
||